000 00281nam a2200085Ia 4500
245 0 _aAppreciating Asperger syndrome : looking at the upside, with 300 positive points
100 _a Boyd, Brenda London, 2009
_996093
942 _cBK
008 210817s9999 xx 000 0 und d
999 _c402412
_d402411